| Поле | Инд. | ПП | Название | Значение |
|---|---|---|---|---|
| Тип записи | a | |||
| Библиографический уровень | m | |||
| 001 | Контрольный номер | 9e224b6a7d88480081a92b62f05ee812 | ||
| 005 | Дата корректировки | 20241106132301.5 | ||
| 080 | a | Индекс УДК | 621.791.05(075.8) | |
| 080 | a | Индекс УДК | 621.791.015(075.8) | |
| 090 | x | Авторский знак | К 65 | |
| a | Полочн. индекс | 621.7 | ||
| 097 | b | Оператор | *Фа* | |
| 245 | 10 | a | Заглавие | Контроль качества сварных соединений. Магнитопорошковый контроль |
| b | Продолж. заглавия | методические указания к выполнению лабораторной работы по направлению подготовки магистров 15.04.05 Конструкторско-технологическое обеспечение машиностроительных производств, направленность (профиль) «Технологии сварочного производства» | ||
| b | Продолж. заглавия | в составе учебно-методического комплекса | ||
| c | Ответственность | Тверской государственный технический университет, Кафедра Технологии металлов и материаловедения | ||
| c | Ответственность | составитель Л.Е. Афанасьева | ||
| 260 | a | Место издания | Тверь | |
| b | Издательство | ТвГТУ | ||
| c | Дата издания | 2022 | ||
| 300 | a | Объем | 16 с. | |
| 440 | _0 | a | Серия | УМК-М |
| 516 | 8_ | a | Прим. о типе комп. файла/ данных | Текст : электронный |
| 520 | 0_ | a | Аннотация | Изложена методика выполнения лабораторной работы по дисциплине «Контроль качества сварных соединений». Приведены рекомендации по выполнению и требования к оформлению отчета. Предназначены для обучающихся по направлению подготовки магистров 15.04.05 Конструкторско-технологическое обеспечение машиностроительных производств, направленность (профиль) «Технологии сварочного производства». |
| 535 | 1_ | a | Хранилище | Сервер |
| 583 | a | Действие | Приписка : УМК | |
| 653 | 0_ | a | Ключевые слова | Сварные соединения |
| a | Ключевые слова | Магнитопорошковый контроль | ||
| a | Ключевые слова | Лабораторные работы | ||
| a | Ключевые слова | Контроль качества | ||
| 773 | 18 | w | Контрольный № источника | 8d55aef1124d4f5e96d60670795083e8 |
| w | Контрольный № источника | a0d38b62ac1d428480a8432ec66db95f | ||
| 900 | a | Имя макрообъекта | 001-000146467-000000000-0000-0000-01 | |
| 901 | t | Тип документа | m | |
| 905 | a | Дата создания записи | 01.04.22 | |
| c | Дата приписки | 01.02.23 | ||
| c | Дата приписки | 10.04.23 | ||
| 922 | c | Кафедра | Технология металлов и материаловедение | |
| 951 | i | EL-ТГТУ? | Да | |
| 990 | h | N записи в КСУ для Б/У (DOS) | 15/2022э |